|
|
|
|
| LEADER |
00000nam a2200000 a 4500 |
| 001 |
vtls001261603 |
| 003 |
SK-MaSNL |
| 005 |
20260223213538.0 |
| 008 |
251124s1959 gw 00000 ger |
| 035 |
|
|
|a SNK000212471
|
| 040 |
|
|
|a SNK
|b slo
|c SNK
|e AACR2
|
| 041 |
0 |
|
|a ger
|
| 044 |
|
|
|a gw
|c DE
|
| 245 |
0 |
0 |
|a Akademie-Verlag, Berlin
|b Katalog : Philosophie : Geschichte : Völkerkunde : Kunstgeschichte : Volkskunde
|
| 260 |
|
|
|a Berlin
|b Akademie-Verlag
|c 1959
|
| 300 |
|
|
|a 66 s.
|c 8°
|
| 958 |
|
|
|a RK
|
| 999 |
|
|
|c 712210
|d 714140
|
| 952 |
|
|
|t P60, <04>, [BOOK], {604}
|a SNK
|b SNK
|y VYP
|7 0
|p 17A0240891
|o snkIC 27471
|0 0
|1 0
|4 0
|d 2000-10-14
|l 0
|r 2005-01-01 00:00:00
|w 2026-02-23
|